Programming Languages (Record no. 6008)
[ view plain ]
| 000 -LEADER | |
|---|---|
| fixed length control field | 00352nam a2200145Ia 4500 |
| 008 - FIXED-LENGTH DATA ELEMENTS--GENERAL INFORMATION | |
| fixed length control field | 191201s2009 xx 000 0 und d |
| 082 ## - DEWEY DECIMAL CLASSIFICATION NUMBER | |
| Classification number | 005.133 |
| Item number | PRP |
| 100 ## - MAIN ENTRY--PERSONAL NAME | |
| Personal name | Pratt, Terrence W |
| 245 #0 - TITLE STATEMENT | |
| Title | Programming Languages |
| 250 ## - EDITION STATEMENT | |
| Edition statement | IMP |
| 260 ## - PUBLICATION, DISTRIBUTION, ETC. (IMPRINT) | |
| Place of publication, distribution, etc | N.Delhi |
| Name of publisher, distributor, etc | Pearson Education |
| Date of publication, distribution, etc | 2009 |
| 300 ## - PHYSICAL DESCRIPTION | |
| Extent | 590 |
| 650 ## - SUBJECT ADDED ENTRY--TOPICAL TERM | |
| Topical term or geographic name as entry element | B.Tech(CSE) |
| 942 ## - ADDED ENTRY ELEMENTS (KOHA) | |
| Source of classification or shelving scheme | Dewey Decimal Classification |
| Koha item type | Text Books |
| 942 ## - ADDED ENTRY ELEMENTS (KOHA) | |
| -- | 20 |
| Withdrawn status | Lost status | Source of classification or shelving scheme | Damaged status | Not for loan | Collection code | Home library | Current library | Date acquired | Source of acquisition | Cost, normal purchase price | Bill Number | Total Checkouts | Full call number | Acc. no. / Barcode | Date last seen | Date last borrowed | Actual Cost, discounted price | Bill Date | Koha item type | Checked out | Public note |
|---|---|---|---|---|---|---|---|---|---|---|---|---|---|---|---|---|---|---|---|---|---|
| Dewey Decimal Classification | B.Tech(CSE) | PIET C-LIBRARY | PIET C-LIBRARY | 26/08/2014 | Orange Books International | 625.00 | 4658 | 1 | 005.133 PRP | 24869 | 30/12/2022 | 20/12/2022 | 437.50 | 16/08/2014 | Text Books | ||||||
| Dewey Decimal Classification | B.Tech(CSE) | PIET C-LIBRARY | PIET C-LIBRARY | 26/08/2014 | Orange Books International | 625.00 | 4658 | 21 | 005.133 PRP | 24870 | 14/01/2025 | 09/01/2025 | 437.50 | 16/08/2014 | Text Books | ||||||
| Dewey Decimal Classification | B.Tech(CSE) | PIET C-LIBRARY | PIET C-LIBRARY | 26/08/2014 | Orange Books International | 625.00 | 4658 | 1 | 005.133 PRP | 24871 | 21/01/2022 | 21/01/2022 | 437.50 | 16/08/2014 | Text Books | 20/07/2022 | . | ||||
| Dewey Decimal Classification | B.Tech(CSE) | PIET C-LIBRARY | PIET C-LIBRARY | 26/08/2014 | Orange Books International | 625.00 | 4658 | 005.133 PRP | 24872 | 04/12/2019 | 437.50 | 16/08/2014 | Reference Books | ||||||||
| Dewey Decimal Classification | B.Tech(CSE) | PIET C-LIBRARY | PIET C-LIBRARY | 26/08/2014 | Orange Books International | 625.00 | 4658 | 4 | 005.133 PRP | 24873 | 20/01/2023 | 11/01/2023 | 437.50 | 16/08/2014 | Text Books |